Detalles MARC
| 000 -CABECERA |
| campo de control de longitud fija |
01388nam a2200325 a 4500 |
| 001 - NÚMERO DE CONTROL |
| campo de control |
000047557 |
| 003 - IDENTIFICADOR DEL NÚMERO DE CONTROL |
| campo de control |
DO-SdBNP |
| 005 - FECHA Y HORA DE LA ÚLTIMA TRANSACCIÓN |
| campo de control |
20250307093402.0 |
| 008 - DATOS DE LONGITUD FIJA--INFORMACIÓN GENERAL |
| campo de control de longitud fija |
150206s2008 dr ac r 000 0 spa d |
| 020 ## - NÚMERO INTERNACIONAL ESTÁNDAR DEL LIBRO |
| Número Internacional Estándar del Libro |
9789945443363 (v. 109) |
| 040 ## - FUENTE DE LA CATALOGACIÓN |
| Centro catalogador/agencia de origen |
DO-SdBNP |
| Lengua de catalogación |
spa |
| Centro/agencia transcriptor |
BNPHU |
| 082 ## - NÚMERO DE LA CLASIFICACIÓN DECIMAL DEWEY |
| Número de clasificación |
RD860.8 |
| Número de documento/Ítem |
C744ob, 2007 |
| 111 2# - ENTRADA PRINCIPAL--NOMBRE DE CONGRESO/REUNIÓN |
| Nombre de congreso/reunión o jurisdicción como elemento de entrada |
Concurso de Arte y Literatura Bancentral |
| Número del congreso/reunión o número de parte o sección |
(11 : |
| Fecha del congreso/reunión |
2007 : |
| Sede del congreso/Lugar de la reunión |
Santo Domingo, República Dominicana) |
| 9 (RLIN) |
75196 |
| 245 10 - MENCIÓN DE TÍTULO |
| Título |
Obras premiadas : undécimo concurso de arte y literatura Bancentral 2007 / |
| Mención de responsabilidad, etc. |
presentación Clarissa de la Rocha de Torres. |
| 260 ## - PUBLICACIÓN, DISTRIBUCIÓN, ETC. |
| Lugar de publicación, distribución, etc. |
Santo Domingo : |
| Nombre del editor, distribuidor, etc. |
Banco Central de la República Dominicana, |
| Fecha de publicación, distribución, etc. |
2008. |
| 300 ## - DESCRIPCIÓN FÍSICA |
| Extensión |
108 p. : |
| Otras características físicas |
il., retrs. ; |
| Dimensiones |
24 cm. |
| 490 1# - MENCIÓN DE SERIE |
| Mención de serie |
Banco Central de la República Dominicana ; |
| Designación de volumen o secuencia |
109 ; |
| 490 1# - MENCIÓN DE SERIE |
| Mención de serie |
Obras premiadas ; |
| Designación de volumen o secuencia |
11 ; |
| 500 ## - NOTA GENERAL |
| Nota general |
Incluye notas a pie de páginas |
| 590 ## - NOTA LOCAL (RLIN) |
| Nota local |
Inventariado, 2018/YL |
| 650 #4 - PUNTO DE ACCESO ADICIONAL DE MATERIA--TÉRMINO DE MATERIA |
| Término de materia o nombre geográfico como elemento de entrada |
Certámenes literarios |
| Subdivisión cronológica |
SIGLO XXI |
| 9 (RLIN) |
43523 |
| 650 #0 - PUNTO DE ACCESO ADICIONAL DE MATERIA--TÉRMINO DE MATERIA |
| Término de materia o nombre geográfico como elemento de entrada |
Literatura dominicana |
| Subdivisión cronológica |
Siglo XXI |
| 9 (RLIN) |
43524 |
| 650 #4 - PUNTO DE ACCESO ADICIONAL DE MATERIA--TÉRMINO DE MATERIA |
| Término de materia o nombre geográfico como elemento de entrada |
Premios literarios |
| Subdivisión cronológica |
SIGLO XXI |
| 9 (RLIN) |
43525 |
| 650 #4 - PUNTO DE ACCESO ADICIONAL DE MATERIA--TÉRMINO DE MATERIA |
| Término de materia o nombre geográfico como elemento de entrada |
Arte y literatura |
| Subdivisión cronológica |
SIGLO XXI |
| 9 (RLIN) |
75187 |
| 700 1# - PUNTO DE ACCESO ADICIONAL--NOMBRE DE PERSONA |
| Nombre de persona |
Rocha de Torres, Clarissa de la |
| Término indicativo de función/relación |
pres. |
| 9 (RLIN) |
75197 |
| 710 2# - PUNTO DE ACCESO ADICIONAL--NOMBRE DE ENTIDAD CORPORATIVA |
| Nombre de entidad corporativa o nombre de jurisdicción como elemento de entrada |
Banco Central de la República Dominicana |
| 9 (RLIN) |
83405 |
| 830 #0 - PUNTO DE ACCESO ADICIONAL DE SERIE-TÍTULO UNIFORME |
| Título uniforme |
Banco Central de la República Dominicana. |
| Designación de volumen o secuencia |
109 |
| Nombre de parte o sección de la obra |
Obras premiadas |
| Número de parte o sección de la obra |
11 |
| 9 (RLIN) |
75199 |
| 910 ## - DATOS DE OPCIÓN DEL USUARIO (OCLC) |
| Datos de opción del usuario |
Validado. Control de calidad MFF |
| 942 ## - ELEMENTOS DE PUNTO DE ACCESO ADICIONAL (KOHA) |
| Fuente del sistema de clasificación o colocación |
Dewey Decimal Classification |
| Tipo de ítem Koha |
Libro |